00478nam a2200157Ia 45000010006000000050017000060080041000230410008000640820016000721000063000882450116001512600009002673000028002766500008003046540008003121732120260306171509.0260306s9999||||xx |||||||||||||| ||und|| aESP a657.61bS64 aSociedad Nacional de Minería Petróleo y EnergíaeAUT 0aManual de aplicación práctica de las normas internacionales de información financiera en el sector minero c2015 a304 páginas :c29 cm. aGEN aCCO